Diagramy bipolarity maliara Ľuba Zelinu

Podrobná bibliografia
Hlavný autor: Jarošová, Zuzana, 1955- (Autor)
Médium: Článok
Jazyk:slovenčina
Fyzický popis:Fot. 2.
Predmet:

MARC

LEADER 00000nab a2200000 a 4500
001 vtls000433637
003 SK-MaSNL
005 20260303214043.0
008 190315c1991 xo 0 slo
015 |a SNBRB19rr/mm-uuuuu 
035 |a CL0433765 
040 |a SNKBUCL  |b slo  |c SNKBUCL  |e AACR2 
041 0 |a slo 
044 |a xo  |c SK 
080 |a 75.071.1  |2 1981 
080 |a 929 Zelina, Ľubomír  |2 1981 
100 1 |a Jarošová, Zuzana,  |d 1955-  |4 aut  |9 199861 
245 1 0 |a Diagramy bipolarity maliara Ľuba Zelinu  |c Zuzana Jarošová ; Ľubomír Zelina 
300 |b Fot. 2. 
600 1 7 |a Zelina, Ľubo,  |d 1943-2016  |2 SNKMA  |9 168141 
650 0 7 |a umelecká tvorba  |2 snkbucl  |9 2852 
655 7 |a články z novín a časopisov  |2 snkbucl  |9 267496 
773 0 |t Literárny týždenník  |g Roč. 4, č. 37 (1991), s. 14 
850 |a Slovenská národná knižnica v Martine  |a MTA001 
852 |a SNK  |b KIS3GCP 
958 |a BX 
958 |a RK 
999 |c 2215176  |d 2217106